La dottrina romana dell`obligatio rei
Gespeichert in:
| 1. Verfasser: | |
|---|---|
| Format: | Buch |
| Sprache: | Italienisch |
| Veröffentlicht: |
Milán
Dott. A. Giuffre
1991
|
| Schlagworte: | |
| Tags: |
Tag hinzufügen
Keine Tags, Fügen Sie den ersten Tag hinzu!
|
MARC
| LEADER | 00000nam a2200000 a 4500 | ||
|---|---|---|---|
| 001 | UCX9278 | ||
| 003 | CL-VaPUC | ||
| 008 | 940530e19910000IT |||||||||||||||||ita|d | ||
| 082 | 0 | 4 | |a 340.54 |b BIS |2 21 |
| 100 | 0 | |a Biscardi, Arnaldo |e author |9 326650 | |
| 245 | 1 | 3 | |a La dottrina romana dell`obligatio rei |
| 300 | |a 189 p | ||
| 942 | |c BK | ||
| 945 | |d 19940530 00:00:00 |a aalvarez | ||
| 260 | |a Milán |b Dott. A. Giuffre |c 1991 | ||
| 650 | 0 | |a Derecho romano |9 255930 | |
| 583 | |a last modification |c 19940530 00:00:00 |k Rodrigo Vera | ||
| 999 | |c 228565 |d 228563 | ||
| 952 | |0 0 |1 0 |4 0 |6 340_540000000000000_BIS_1991 |7 0 |8 DER_ROM |9 228808 |a BIBDER |b BIBDER |d 2019-11-15 |i 2979047 |l 1 |o 340.54 BIS 1991 |p 2979047 |r 2023-01-25 |s 2020-03-17 |w 2019-11-15 |x Ubicación 4to piso |y BK |z Este recurso debe solicitarse con anticipación |k DER | ||